[Event "M.Chigorin Memorial 2017 "]
[Site "?????-?????????"]
[Date "2017.10.28"]
[Round "8"]
[Board "70"]
[White "Rjabzev, Konstantin"]
[Black "Makoveev, Ilya"]
[Result "1-0"]
[WhiteElo "2270"]
[BlackElo "2041"]
[PlyCount "156"]
[EventDate "2017.10.21"]
[EventRounds "9"]
[EventCountry "RUS"]

1. e4 c5 2. Nf3 d6 3. Bb5+ Nd7 4. O-O a6 5. Bd3 Ngf6 6. c3 Ne5 7. Nxe5 dxe5 8.
Bc2 g6 9. d3 Bg7 10. Be3 Qc7 11. h3 Nh5 12. Nd2 O-O 13. a4 a5 14. Bb3 Nf4 15.
Bxf4 exf4 16. Bc4 b6 17. Qb3 e6 18. Nf3 Bb7 19. Rfe1 Rfd8 20. Rac1 Rac8 21. Re2
h6 22. Rce1 Kh7 23. Qc2 Bc6 24. Nh2 Qd7 25. Ra1 Re8 26. Qb3 Rb8 27. Bb5 Bxb5
28. Qxb5 Qxb5 29. axb5 Red8 30. Rd2 Rb7 31. Kf1 Rbd7 32. Ke2 g5 33. Nf3 Kg6 34.
Rad1 f5 35. exf5+ Kxf5 36. g4+ fxg3 37. fxg3 g4 38. hxg4+ Kxg4 39. Ke3 Kh5 40.
Rh2+ Kg6 41. Rh4 Rd5 42. Re4 Kf7 43. g4 c4 44. Rxc4 Rxb5 45. Rd2 Rc5 46. Re4
Rcd5 47. d4 Rb5 48. Kd3 Bf6 49. Rf2 Ke7 50. Rfe2 Rd6 51. Rh2 Bg7 52. Nh4 Kf7
53. Rf2+ Ke8 54. Nf5 Rd7 55. Rxe6+ Kf7 56. Rfe2 h5 57. Nd6+ Rxd6 58. Rxd6 hxg4
59. d5 g3 60. Rd7+ Kf8 61. Ke4 a4 62. Rg2 Bh6 63. Ra7 Bc1 64. Rxa4 Rxb2 65.
Rxg3 Re2+ 66. Kd3 Rd2+ 67. Ke4 Re2+ 68. Kf5 Ke7 69. Re4+ Rxe4 70. Kxe4 Ba3 71.
Rg6 Bd6 72. Kd4 Kd7 73. Rg7+ Kd8 74. Kc4 Be5 75. Rb7 Bc7 76. Kb5 Kd7 77. Rxb6
Bxb6 78. Kxb6 Kd6  1-0

[Event "M.Chigorin Memorial 2017 "]
[Site "?????-?????????"]
[Date "2017.10.28"]
[Round "8"]
[Board "71"]
[White "Murzin, Volodar"]
[Black "Pryalukhin, Danila"]
[Result "1-0"]
[WhiteElo "2270"]
[BlackElo "2031"]
[PlyCount "53"]
[EventDate "2017.10.21"]
[EventRounds "9"]
[EventCountry "RUS"]

1. e4 d5 2. exd5 Qxd5 3. Nc3 Qd6 4. d4 Nf6 5. Nf3 Bg4 6. h3 Bh5 7. g4 Bg6 8.
Bg2 Nc6 9. O-O O-O-O 10. Be3 e6 11. Qe2 Nb4 12. Ne5 c6 13. a3 Nbd5 14. g5 Nd7
15. Nxg6 Nxc3 16. bxc3 hxg6 17. Rab1 Qc7 18. Rb3 Nb6 19. Rfb1 Rd7 20. a4 Qd8
21. c4 Rc7 22. a5 Na8 23. d5 exd5 24. cxd5 cxd5 25. c4 Rxc4 26. Rxb7 Qxa5 27.
Rxa7  1-0

[Event "M.Chigorin Memorial 2017 "]
[Site "?????-?????????"]
[Date "2017.10.28"]
[Round "8"]
[Board "72"]
[White "Grinblat, Artemiy"]
[Black "Yakimenko, Viktoria"]
[Result "1/2-1/2"]
[WhiteElo "2268"]
[BlackElo "1922"]
[PlyCount "81"]
[EventDate "2017.10.21"]
[EventRounds "9"]
[EventCountry "RUS"]

1. e4 c5 2. c3 d5 3. exd5 Qxd5 4. d4 Nf6 5. Nf3 Bg4 6. dxc5 Qxd1+ 7. Kxd1 Nc6
8. Be3 e6 9. Be2 Nd5 10. b4 O-O-O 11. Ke1 g6 12. b5 Bxf3 13. Bxf3 Nxe3 14. fxe3
Nb4 15. Na3 Bxc5 16. Ke2 Nd5 17. Bxd5 Bxa3 18. Bb3 Rd7 19. Rad1 Rhd8 20. Rxd7
Rxd7 21. Rd1 Rxd1 22. Bxd1 Kc7 23. Kd3 Bd6 24. h3 Be5 25. Bf3 b6 26. Bc6 Kd6
27. Be8 Ke7 28. Bc6 h6 29. Bb7 Bd6 30. Bc6 Bc5 31. Bb7 f6 32. Bc6 Kf7 33. Bd7
Ke7 34. Bc8 Ba3 35. Bb7 Bd6 36. Bc8 Be5 37. Bb7 Bg3 38. Bc8 Bd6 39. Bb7 Bc5 40.
Bc8 Kf7 41. Bd7  1/2-1/2

[Event "M.Chigorin Memorial 2017 "]
[Site "?????-?????????"]
[Date "2017.10.28"]
[Round "8"]
[Board "73"]
[White "Dimitrova, Aleksandra"]
[Black "Strybuk, Artsiom I"]
[Result "1-0"]
[WhiteElo "2262"]
[BlackElo "1834"]
[PlyCount "69"]
[EventDate "2017.10.21"]
[EventRounds "9"]
[EventCountry "RUS"]

1. e4 c5 2. Nf3 d6 3. d4 cxd4 4. Nxd4 Nf6 5. Nc3 g6 6. Be3 Bg7 7. f3 O-O 8. Qd2
Nc6 9. O-O-O d5 10. exd5 Nxd5 11. Nxc6 bxc6 12. Bd4 e5 13. Bc5 Be6 14. Ne4 Re8
15. h4 Nf4 16. Qe1 Qc7 17. g3 Nh5 18. b3 a5 19. a4 Bd5 20. g4 Nf6 21. g5 Nxe4
22. fxe4 Be6 23. h5 Bf8 24. Qf2 Bxc5 25. Qxc5 Bg4 26. hxg6 Bxd1 27. gxf7+ Qxf7
28. Bc4 Re6 29. Rxd1 Rae8 30. Qxa5 Qf4+ 31. Kb2 Qxe4 32. Bxe6+ Rxe6 33. Qd8+
Kf7 34. Qd7+ Re7 35. Rf1+  1-0

[Event "M.Chigorin Memorial 2017 "]
[Site "?????-?????????"]
[Date "2017.10.28"]
[Round "8"]
[Board "74"]
[White "Ismagilov, Damir"]
[Black "Maltsevskaya, Aleksandra"]
[Result "0-1"]
[WhiteElo "2058"]
[BlackElo "2260"]
[PlyCount "54"]
[EventDate "2017.10.21"]
[EventRounds "9"]
[EventCountry "RUS"]

1. d4 Nf6 2. Nf3 g6 3. Bg5 Bg7 4. Nbd2 d6 5. e4 O-O 6. Bc4 h6 7. Bh4 Nc6 8. c3
e5 9. dxe5 dxe5 10. O-O g5 11. Bg3 Nh5 12. Qe2 Nf4 13. Bxf4 exf4 14. Rfd1 g4
15. Ne1 Qg5 16. f3 Ne5 17. Kh1 Qh5 18. Nd3 g3 19. h3 Nxd3 20. Bxd3 Kh8 21. Bc2
Rg8 22. Nc4 Bxh3 23. gxh3 Qxh3+ 24. Kg1 g2 25. Qd2 Be5 26. Ne3 fxe3 27. Qxe3
Qh2+  0-1

[Event "M.Chigorin Memorial 2017 "]
[Site "?????-?????????"]
[Date "2017.10.28"]
[Round "8"]
[Board "75"]
[White "Nikitin, Sergey E."]
[Black "Shuvalov, Evgenij"]
[Result "1/2-1/2"]
[WhiteElo "1923"]
[BlackElo "2247"]
[PlyCount "84"]
[EventDate "2017.10.21"]
[EventRounds "9"]
[EventCountry "RUS"]

1. e4 e6 2. d4 d5 3. Nd2 Nf6 4. e5 Nfd7 5. Bd3 c5 6. c3 Nc6 7. Ne2 cxd4 8. cxd4
f6 9. exf6 Nxf6 10. Nf3 Bd6 11. O-O Qc7 12. Nc3 a6 13. Re1 O-O 14. h3 Bd7 15.
Bd2 Rae8 16. Rc1 Qb8 17. a3 Re7 18. Bb1 Be8 19. Bg5 h6 20. Bxf6 Rxf6 21. Bd3
Bh5 22. g4 Ref7 23. Be2 Bg6 24. Nb1 Be4 25. Rc3 Qf8 26. Nbd2 Nxd4 27. Nxe4
Nxf3+ 28. Bxf3 dxe4 29. Qc2 Qe7 30. Rc8+ Rf8 31. Rxf8+ Qxf8 32. Bxe4 Bc5 33.
Re2 b6 34. Kg2 a5 35. a4 Qd6 36. Qd2 Bd4 37. b3 Rf8 38. Qd3 Kh8 39. Qc4 Bc5 40.
Bc2 Rf4 41. Qd3 Qxd3 42. Bxd3 e5  1/2-1/2

[Event "M.Chigorin Memorial 2017 "]
[Site "?????-?????????"]
[Date "2017.10.28"]
[Round "8"]
[Board "76"]
[White "Shadunts, Kirill"]
[Black "Korennoi, Viktor"]
[Result "0-1"]
[WhiteElo "1845"]
[BlackElo "2227"]
[PlyCount "74"]
[EventDate "2017.10.21"]
[EventRounds "9"]
[EventCountry "RUS"]

1. d4 Nf6 2. c4 e6 3. Nc3 Bb4 4. e3 O-O 5. Bd3 d5 6. Nf3 c5 7. O-O dxc4 8. Bxc4
cxd4 9. exd4 b6 10. a3 Bxc3 11. bxc3 Bb7 12. Bg5 Nbd7 13. Qe2 Qc7 14. Nd2 Rac8
15. Rac1 Nd5 16. Bxd5 Bxd5 17. f4 Rfe8 18. c4 Bb7 19. Rc3 Qd6 20. Nb3 Nf8 21.
Rg3 Ba6 22. Rc1 Ng6 23. Qf1 h6 24. f5 exf5 25. Bd2 f4 26. Rh3 Qe6 27. d5 Qe4
28. Rhc3 f3 29. gxf3 Qe5 30. f4 Qf5 31. Nd4 Qf6 32. Nc6 Re4 33. Qf3 Rce8 34.
Ne5 Qf5 35. Nxg6 Qxg6+ 36. Kf2 Qf6 37. Re3 Qd4  0-1

[Event "M.Chigorin Memorial 2017 "]
[Site "?????-?????????"]
[Date "2017.10.28"]
[Round "8"]
[Board "77"]
[White "Garanin, Aleksei"]
[Black "Vlasenko, Miroslav"]
[Result "1/2-1/2"]
[WhiteElo "2145"]
[BlackElo "2423"]
[PlyCount "117"]
[EventDate "2017.10.21"]
[EventRounds "9"]
[EventCountry "RUS"]

1. d4 Nc6 2. Nf3 d6 3. e4 Nf6 4. Nc3 g6 5. Be2 Bg7 6. O-O O-O 7. a4 Bg4 8. Be3
Re8 9. d5 Bxf3 10. Bxf3 Ne5 11. Be2 c6 12. a5 Qc7 13. a6 Reb8 14. f4 Ned7 15.
axb7 Qxb7 16. dxc6 Qxc6 17. Bf3 e5 18. Ra2 Nb6 19. Bf2 Bh6 20. g3 Nfd7 21. Qe2
a5 22. Rd1 a4 23. f5 a3 24. Nd5 Nxd5 25. exd5 Qc8 26. bxa3 gxf5 27. g4 Nf6 28.
gxf5 Ra4 29. Kh1 Qxf5 30. Rg1+ Kh8 31. c4 Rb3 32. Rg3 Bf4 33. Be4 Qxe4+ 34.
Qxe4 Nxe4 35. Rxb3 Rxc4 36. a4 Nxf2+ 37. Rxf2 Rxa4 38. Rg2 Ra1+ 39. Rg1 Rxg1+
40. Kxg1 Kg7 41. Kg2 Kg6 42. h3 e4 43. Rb7 h5 44. Re7 f5 45. h4 Be5 46. Re6+
Kf7 47. Kf2 f4 48. Ke2 Kf8 49. Rh6 Kg7 50. Rxh5 Kf6 51. Rh6+ Kf5 52. Re6 Bd4
53. h5 f3+ 54. Kf1 e3 55. h6 Kf4 56. h7 Bc3 57. Re8 e2+ 58. Kf2 Bd4+ 59. Ke1
 1/2-1/2

[Event "M.Chigorin Memorial 2017 "]
[Site "?????-?????????"]
[Date "2017.10.28"]
[Round "8"]
[Board "78"]
[White "Zaykov, Sergey"]
[Black "Ekdyshman, Mikhail"]
[Result "1/2-1/2"]
[WhiteElo "2125"]
[BlackElo "2366"]
[PlyCount "120"]
[EventDate "2017.10.21"]
[EventRounds "9"]
[EventCountry "RUS"]

1. Nf3 c5 2. c4 Nc6 3. Nc3 e5 4. g3 f5 5. d3 Nf6 6. Bg2 Be7 7. Nd2 a6 8. Nf1
O-O 9. Ne3 d6 10. O-O Rb8 11. a3 Nd4 12. Ned5 b5 13. e3 Ne6 14. cxb5 axb5 15.
b4 Kh8 16. Bb2 f4 17. exf4 exf4 18. Re1 Rf7 19. Nxe7 Rxe7 20. Nd5 Nxd5 21. Bxd5
Nc7 22. Bg2 Rxe1+ 23. Qxe1 Ne6 24. bxc5 Nxc5 25. Qc3 Qf8 26. Re1 Bf5 27. d4 Nd3
28. Rd1 Rc8 29. Qd2 fxg3 30. hxg3 Nxb2 31. Qxb2 Rc2 32. Qb3 h6 33. Qe3 Bg6 34.
Rc1 Rb2 35. Bd5 Kh7 36. Be6 Qa8 37. Qf4 Qe4 38. Qxe4 Bxe4 39. Bd7 Kg6 40. Bc6
d5 41. Kf1 Bf3 42. Ke1 Re2+ 43. Kf1 Rb2 44. Ke1 Kf5 45. Rc3 Bg2 46. Rc5 Ke4 47.
Rxd5 Kd3 48. Bxb5+ Kc3 49. Rc5+ Kxd4 50. Rc4+ Kd5 51. Rb4 Rc2 52. Be2 Kc5 53.
f3 Bh3 54. g4 Ra2 55. Rb5+ Kd4 56. Rh5 Ke3 57. Rxh3 Rxe2+ 58. Kf1 Rf2+ 59. Kg1
Ra2 60. g5 hxg5  1/2-1/2

[Event "M.Chigorin Memorial 2017 "]
[Site "?????-?????????"]
[Date "2017.10.28"]
[Round "8"]
[Board "79"]
[White "Bondarenko, Ivan"]
[Black "Baltabaev, Temirlan"]
[Result "0-1"]
[WhiteElo "2131"]
[BlackElo "2353"]
[PlyCount "88"]
[EventDate "2017.10.21"]
[EventRounds "9"]
[EventCountry "RUS"]

1. d4 Nf6 2. Nf3 e6 3. c4 c5 4. e3 b6 5. Bd3 Bb7 6. O-O Be7 7. b3 d6 8. Bb2
Nbd7 9. Nc3 O-O 10. Qe2 Rc8 11. Rad1 a6 12. e4 cxd4 13. Nxd4 Qc7 14. f4 Rfe8
15. Bb1 Bf8 16. Kh1 e5 17. fxe5 dxe5 18. Nf5 Rcd8 19. Rd3 g6 20. Rg3 Kh8 21.
Ne3 Bg7 22. Rgf3 Qd6 23. Qf2 Qc5 24. a3 Kg8 25. b4 Qd6 26. g4 Bh6 27. h4 Bxe3
28. Rxe3 Qe6 29. Rg3 Nxg4 30. Qe2 h5 31. Ba2 Qe7 32. Rh3 Ndf6 33. Bb1 Qd7 34.
Rd3 Qe7 35. Rdf3 Rd4 36. Kg1 Qd8 37. Bc1 Nxe4 38. Bxe4 Bxe4 39. Nxe4 Qxh4 40.
Ng5 Ne3 41. Rh3 Qg4+ 42. Kf2 Qxe2+ 43. Kxe2 Nxf1 44. Kxf1 Rd1+  0-1

[Event "M.Chigorin Memorial 2017 "]
[Site "?????-?????????"]
[Date "2017.10.28"]
[Round "8"]
[Board "80"]
[White "Paramzina, Anastasya"]
[Black "Suleymanli, Aydin"]
[Result "0-1"]
[WhiteElo "2123"]
[BlackElo "2353"]
[PlyCount "54"]
[EventDate "2017.10.21"]
[EventRounds "9"]
[EventCountry "RUS"]

1. e4 e6 2. d4 d5 3. Nc3 Nf6 4. Bg5 Be7 5. e5 Nfd7 6. h4 h6 7. Bxe7 Qxe7 8. Nf3
O-O 9. Qd2 c5 10. Nb5 Nc6 11. c3 a6 12. Nd6 cxd4 13. cxd4 f6 14. Nxc8 Raxc8 15.
exf6 Nxf6 16. Bd3 Ne4 17. Bxe4 dxe4 18. Ne5 Nxe5 19. dxe5 Qc5 20. O-O Qxe5 21.
Rfe1 Rf4 22. g3 Rf3 23. Qe2 Rcf8 24. Qxe4 Qxb2 25. Qxe6+ Kh8 26. Qe2 Qd4 27.
Rad1 Rxg3+  0-1

[Event "M.Chigorin Memorial 2017 "]
[Site "?????-?????????"]
[Date "2017.10.28"]
[Round "8"]
[Board "81"]
[White "Lesovoi, Evgenij"]
[Black "Zakirov, Rafael"]
[Result "0-1"]
[WhiteElo "2351"]
[BlackElo "2120"]
[PlyCount "52"]
[EventDate "2017.10.21"]
[EventRounds "9"]
[EventCountry "RUS"]

1. c4 Nf6 2. Nc3 g6 3. g3 Bg7 4. Bg2 O-O 5. e4 Nc6 6. Nge2 d6 7. O-O a6 8. Rb1
Rb8 9. d4 Bd7 10. b4 b5 11. c5 a5 12. a3 axb4 13. axb4 dxc5 14. bxc5 b4 15. Nd5
Bg4 16. f3 Nxd5 17. exd5 Bf5 18. Rb2 Qxd5 19. g4 Bc8 20. Be3 Rd8 21. Kh1 e5 22.
f4 e4 23. f5 gxf5 24. gxf5 Bxf5 25. Nf4 Qd7 26. Rd2 b3  0-1

[Event "M.Chigorin Memorial 2017 "]
[Site "?????-?????????"]
[Date "2017.10.28"]
[Round "8"]
[Board "82"]
[White "Biriukov, Oleg V."]
[Black "Manush, Shah"]
[Result "1-0"]
[WhiteElo "2336"]
[BlackElo "2109"]
[PlyCount "183"]
[EventDate "2017.10.21"]
[EventRounds "9"]
[EventCountry "RUS"]

1. d4 d5 2. c4 c6 3. Nc3 Nf6 4. e3 e6 5. Nf3 Nbd7 6. Qc2 b6 7. Bd3 Bb7 8. O-O
Bd6 9. e4 dxe4 10. Nxe4 Nxe4 11. Bxe4 Qc7 12. Re1 h6 13. Be3 Nf6 14. c5 Be7 15.
Bd3 Nd5 16. Bd2 bxc5 17. dxc5 Bf6 18. Rab1 g5 19. Re4 Kf8 20. Rbe1 Re8 21. Ne5
Bc8 22. Nc4 Ba6 23. Nd6 Bxd3 24. Qxd3 Rd8 25. Qf3 Kg7 26. b3 Rxd6 27. cxd6 Qxd6
28. h4 gxh4 29. Rg4+ Kf8 30. Qd3 c5 31. b4 Be7 32. bxc5 Qxc5 33. Rc1 Qb6 34.
Rc8+ Bd8 35. Qa3+ Ke8 36. Ba5 Qb1+ 37. Kh2 Kd7 38. Rxd8+ Rxd8 39. Bxd8 Qb8+ 40.
Kh3 Qxd8 41. Qxa7+ Kd6 42. Qxf7 Qb6 43. Re4 Nc7 44. Qf4+ Kd7 45. Rb4 Qa6 46.
Rd4+ Nd5 47. Rxd5+ exd5 48. Qf7+ Kc8 49. Qxd5 Qf6 50. Qc4+ Kb8 51. Qxh4 Qe6+
52. Kg3 Qxa2 53. Qxh6 Qd5 54. Qf4+ Ka7 55. Qe3+ Kb8 56. Kh2 Qf5 57. Qf3 Qh7+
58. Qh3 Qe4 59. f3 Qe3 60. Qh4 Qd2 61. f4 Qd3 62. Qh5 Qd2 63. Qe5+ Ka7 64. Qe7+
Ka8 65. Qf8+ Ka7 66. Qf7+ Ka8 67. Kh3 Qe3+ 68. g3 Qe2 69. f5 Qf1+ 70. Kh4 Qh1+
71. Kg5 Qc1+ 72. Kg6 Qc6+ 73. Qe6 Qf3 74. Qc8+ Ka7 75. Qc7+ Ka8 76. Qf4 Qd3 77.
g4 Qd5 78. Qa4+ Kb7 79. Qb4+ Ka6 80. Qf8 Qe4 81. g5 Ka5 82. Qd8+ Ka6 83. Qd6+
Ka7 84. Qe6 Qd3 85. Kf7 Qh3 86. g6 Qh5 87. Kg8 Ka8 88. g7 Qh3 89. Kf8 Qa3+ 90.
Qe7 Qf3 91. g8=Q Qxf5+ 92. Kg7+  1-0

[Event "M.Chigorin Memorial 2017 "]
[Site "?????-?????????"]
[Date "2017.10.28"]
[Round "8"]
[Board "83"]
[White "Nazaretyan, Tigran"]
[Black "Zemnitskiy, Alexander"]
[Result "1/2-1/2"]
[WhiteElo "2303"]
[BlackElo "2112"]
[PlyCount "150"]
[EventDate "2017.10.21"]
[EventRounds "9"]
[EventCountry "RUS"]

1. d4 Nf6 2. Nf3 e6 3. c4 Bb4+ 4. Nbd2 d5 5. Qc2 O-O 6. a3 Be7 7. e4 b6 8. cxd5
exd5 9. e5 Ne8 10. Bd3 g6 11. b4 Ng7 12. Nb3 Bg4 13. Be2 Ne6 14. Bh6 Re8 15.
O-O c6 16. h3 Bf5 17. Qd2 g5 18. Rfc1 Kh8 19. Nh2 Rg8 20. Bh5 Bg6 21. Bg4 a6
22. Nf1 Ra7 23. Ng3 Rc7 24. Nf5 Nd7 25. Rc3 Bxf5 26. Bxf5 Ndf8 27. Rac1 Qe8 28.
Qc2 Nd8 29. Bxf8 Rxf8 30. Bxh7 Kg7 31. Bf5 Rh8 32. Nd2 Rh6 33. Nf3 Nb7 34. Qd3
b5 35. Qe3 Qd8 36. Nh2 a5 37. Ng4 axb4 38. axb4 Bxb4 39. Nxh6 Bxc3 40. Ng4 b4
41. Nf6 Qh8 42. Qxg5+ Kf8 43. Nh7+ Ke8 44. h4 Bxd4 45. Nf6+ Kf8 46. Nxd5 Bb2
47. Nxc7 Bxc1 48. Qxc1 Qxe5 49. Qh6+ Ke7 50. Qxc6 Qe1+ 51. Kh2 Qe5+ 52. g3 Qxf5
53. Qxb7 Qxf2+ 54. Qg2 Qd4 55. Qe2+ Kf8 56. Nb5 Qc5 57. Qd3 Kg8 58. Kh3 Qc8+
59. g4 Qc6 60. h5 Qh1+ 61. Kg3 Qg1+ 62. Kf4 Qh2+ 63. Kf5 Qf2+ 64. Ke5 Qc5+ 65.
Qd5 Qe3+ 66. Kf5 Qf2+ 67. Kg5 Qe3+ 68. Kf6 Qf2+ 69. Kg5 Qe3+ 70. Kf6 Qf2+ 71.
Kg5 Qe3+ 72. Kh4 Qf2+ 73. Kh3 Qe3+ 74. Kh4 Qf2+ 75. Kg5 Qe3+  1/2-1/2

[Event "M.Chigorin Memorial 2017 "]
[Site "?????-?????????"]
[Date "2017.10.28"]
[Round "8"]
[Board "84"]
[White "Pshmahov, Osman"]
[Black "Vasilyev, Vasily"]
[Result "0-1"]
[WhiteElo "2095"]
[BlackElo "2291"]
[PlyCount "126"]
[EventDate "2017.10.21"]
[EventRounds "9"]
[EventCountry "RUS"]

1. e4 c5 2. Nc3 d6 3. d3 Nc6 4. Be3 g6 5. Qd2 Bg7 6. g3 e6 7. Bg2 Rb8 8. Nge2
Nge7 9. O-O O-O 10. f4 Nd4 11. Nd1 b5 12. c3 Nxe2+ 13. Qxe2 b4 14. Qd2 Ba6 15.
Nf2 bxc3 16. bxc3 Qa5 17. Rac1 Qa3 18. Nd1 Bb5 19. Rf2 Ba4 20. Nb2 Qxa2 21. Nc4
Qxd2 22. Rxd2 Rfd8 23. Ra2 Bb5 24. Rxa7 Nc6 25. Rc7 Bxc4 26. dxc4 Na5 27. Bf1
Rb3 28. e5 dxe5 29. fxe5 Bxe5 30. Rxc5 Bxc3 31. Rb5 Bb2 32. Rxa5 Rxe3 33. Rc2
Bc3 34. Kf2 Bxa5 35. Kxe3 Bb6+ 36. c5 Bc7 37. Bg2 Rd1 38. Ke2 Ra1 39. Kd3 h5
40. Kc4 h4 41. gxh4 Bxh2 42. Kb5 Rb1+ 43. Ka6 Kf8 44. h5 gxh5 45. Bf3 Bc7 46.
Bxh5 Ke7 47. Rg2 Rh1 48. Be2 Rc1 49. Kb5 Rc2 50. Bf3 Rxg2 51. Bxg2 f5 52. Kc4
Kf6 53. Kd3 Kg5 54. Ke3 e5 55. Bh3 Ba5 56. Bf1 Bb4 57. Kf3 e4+ 58. Ke2 Bxc5 59.
Bh3 Bb6 60. Bg2 Kg4 61. Kd1 Kg3 62. Bf1 Kf2 63. Bc4 f4  0-1

[Event "M.Chigorin Memorial 2017 "]
[Site "?????-?????????"]
[Date "2017.10.28"]
[Round "8"]
[Board "85"]
[White "Obgolts, Erik"]
[Black "Khalaji, Hanieh"]
[Result "1/2-1/2"]
[WhiteElo "2271"]
[BlackElo "2093"]
[PlyCount "80"]
[EventDate "2017.10.21"]
[EventRounds "9"]
[EventCountry "RUS"]

1. d4 d5 2. c4 e6 3. Nc3 f5 4. Nf3 Nf6 5. g3 c6 6. Bg2 Bd6 7. O-O O-O 8. b3 Qe7
9. Qc2 Nbd7 10. Ne1 Ne4 11. Nd3 Qf6 12. e3 h5 13. Ne2 h4 14. f3 Ng5 15. e4
Nxf3+ 16. Bxf3 fxe4 17. Bg2 exd3 18. Qxd3 Qe7 19. Rxf8+ Nxf8 20. Bf4 Bxf4 21.
Nxf4 hxg3 22. hxg3 Bd7 23. Re1 Qf6 24. Bh3 Qh6 25. Qf1 Re8 26. cxd5 exd5 27.
Bxd7 Rxe1 28. Qxe1 Nxd7 29. Qe7 Nf6 30. Qxb7 Qg5 31. Qc8+ Kh7 32. Qh3+ Kg8 33.
Qc8+ Kh7 34. Qh3+ Kg8 35. Qc8+ Kh7 36. Qh3+ Kg8 37. Qc8+ Kh7 38. Qh3+ Kg8 39.
Qc8+ Kh7 40. Qh3+ Kg8  1/2-1/2

[Event "M.Chigorin Memorial 2017 "]
[Site "?????-?????????"]
[Date "2017.10.28"]
[Round "8"]
[Board "86"]
[White "Makarian, Rudik"]
[Black "Bhambure, Shantanu"]
[Result "0-1"]
[WhiteElo "2263"]
[BlackElo "2088"]
[PlyCount "70"]
[EventDate "2017.10.21"]
[EventRounds "9"]
[EventCountry "RUS"]

1. c4 e5 2. a3 Nf6 3. Nc3 c6 4. Nf3 e4 5. Nd4 d5 6. cxd5 cxd5 7. d3 exd3 8.
Qxd3 Nc6 9. Nxc6 bxc6 10. Bg5 Be7 11. g3 O-O 12. Bg2 a5 13. O-O Ba6 14. Qc2 h6
15. Bf4 Bd6 16. Bxd6 Qxd6 17. Rfd1 Rac8 18. Rac1 d4 19. Na4 c5 20. Qd2 Rfe8 21.
Bf3 Nd7 22. Qxa5 Bxe2 23. Bxe2 Rxe2 24. Qb5 Ree8 25. b3 h5 26. h4 Re3 27. fxe3
Qxg3+ 28. Kh1 Qh3+ 29. Kg1 Qxe3+ 30. Kg2 Qe4+ 31. Kg1 Rc6 32. Qxc6 Qxc6 33. Re1
d3 34. Nc3 d2 35. Re8+ Nf8  0-1

[Event "M.Chigorin Memorial 2017 "]
[Site "?????-?????????"]
[Date "2017.10.28"]
[Round "8"]
[Board "87"]
[White "Mitra, Roman C"]
[Black "Salman, Pavel"]
[Result "0-1"]
[WhiteElo "2087"]
[BlackElo "2260"]
[PlyCount "114"]
[EventDate "2017.10.21"]
[EventRounds "9"]
[EventCountry "RUS"]

1. g3 c5 2. Bg2 Nf6 3. e4 Nc6 4. Ne2 e6 5. f4 d6 6. O-O Be7 7. c3 c4 8. h3 Qb6+
9. Kh1 h5 10. Bf3 e5 11. Ng1 h4 12. g4 exf4 13. d4 cxd3 14. Qxd3 Ne5 15. Qc2 g5
16. Nd2 Bd7 17. Nb3 Rc8 18. Re1 Bb5 19. Rd1 Bc6 20. Re1 Bb5 21. Qg2 Nd3 22. Rf1
Nc5 23. Re1 Nd3 24. Rf1 Nc5 25. Re1 Nfd7 26. Nd4 Bd3 27. b3 Ne5 28. Ba3 Ncd7
29. Rac1 Qa6 30. Bb4 b5 31. Nf5 Rg8 32. Qf2 Rg6 33. Qd4 Qb6 34. Kg2 Qc7 35.
Red1 a5 36. Ba3 Nc5 37. b4 Ne6 38. Qf2 a4 39. Nd4 Qb7 40. Qe1 Bc4 41. Nf5 Nd3
42. Rxd3 Bxd3 43. Rd1 Bc4 44. Rxd6 Qc7 45. Rd2 Rd8 46. Ne2 Bxe2 47. Rxd8+ Bxd8
48. Qxe2 Qxc3 49. Qxb5+ Kf8 50. Qxa4 Qd2+ 51. Kf1 Qd3+ 52. Kg2 Qd2+ 53. Kf1 Bb6
54. Qa8+ Nd8 55. b5+ Kg8 56. Be2 f3 57. Nd4 Qxd4  0-1

[Event "M.Chigorin Memorial 2017 "]
[Site "?????-?????????"]
[Date "2017.10.28"]
[Round "8"]
[Board "88"]
[White "Aseev, Vladimir"]
[Black "Chukavin, Kirill"]
[Result "1-0"]
[WhiteElo "2082"]
[BlackElo "2256"]
[PlyCount "119"]
[EventDate "2017.10.21"]
[EventRounds "9"]
[EventCountry "RUS"]

1. d4 Nf6 2. c4 e6 3. Nc3 Bb4 4. e3 O-O 5. Nge2 d5 6. a3 Bd6 7. Ng3 c6 8. cxd5
exd5 9. Bd3 Re8 10. O-O a5 11. b3 g6 12. Re1 h5 13. f3 Na6 14. Qc2 Kg7 15. Bb2
Nc7 16. Nd1 Ne6 17. Nf2 Qc7 18. Nf1 Qb6 19. Rad1 Bd7 20. Qc3 Rac8 21. Bb1 Bb8
22. b4 axb4 23. axb4 Nc7 24. e4 Nb5 25. Qe3 Ng8 26. Nd3 Qd8 27. Qf2 Be6 28. Nc5
b6 29. Nd3 Kf8 30. Ne5 Nd6 31. Ne3 Nf6 32. Nf1 Nd7 33. Nd3 dxe4 34. fxe4 Bg4
35. Ne5 Bxd1 36. Rxd1 Nf6 37. Nxg6+ fxg6 38. e5 Kg8 39. exf6 Rf8 40. d5 Nc4 41.
Qc2 Qe8 42. Qxc4 Qf7 43. Ba2 b5 44. Qc3 Rfd8 45. Bb3 Ba7+ 46. Kh1 c5 47. bxc5
Rxc5 48. d6 Rxc3 49. Bxf7+ Kxf7 50. Bxc3 Ke6 51. g3 Bc5 52. d7 Rxd7 53. Rxd7
Kxd7 54. Kg2 Ke6 55. Kf3 Ba3 56. Nd2 b4 57. Ba1 Bc1 58. Ke2 b3 59. Nxb3 Bg5 60.
Nc5+  1-0

[Event "M.Chigorin Memorial 2017 "]
[Site "?????-?????????"]
[Date "2017.10.28"]
[Round "8"]
[Board "89"]
[White "Veselov, Andrey"]
[Black "Chernyak, Viktoria"]
[Result "1-0"]
[WhiteElo "2056"]
[BlackElo "2236"]
[PlyCount "69"]
[EventDate "2017.10.21"]
[EventRounds "9"]
[EventCountry "RUS"]

1. d4 d5 2. c4 e6 3. Nc3 c6 4. e4 dxe4 5. Nxe4 Bb4+ 6. Nc3 c5 7. Be3 Nf6 8. a3
Ba5 9. Nge2 Ng4 10. dxc5 Nxe3 11. Qxd8+ Bxd8 12. fxe3 O-O 13. b4 Bg5 14. Nb5
Nc6 15. Nf4 Bf6 16. O-O-O g5 17. Nh5 Be5 18. Nd6 h6 19. Be2 Rb8 20. Bf3 f5 21.
g4 Kh7 22. h4 Kg6 23. hxg5 hxg5 24. Rdg1 Bd7 25. gxf5+ exf5 26. Nf4+ Bxf4 27.
exf4 g4 28. Bd5 Nd4 29. Rg2 b6 30. Rgh2 Kf6 31. Rh6+ Ke7 32. Rh7+ Kd8 33. Rxd7+
Kxd7 34. Rh7+ Kd8 35. c6  1-0

[Event "M.Chigorin Memorial 2017 "]
[Site "?????-?????????"]
[Date "2017.10.28"]
[Round "8"]
[Board "90"]
[White "Nasibullin, Iskander"]
[Black "Divya, Deshmukh"]
[Result "0-1"]
[WhiteElo "2234"]
[BlackElo "2051"]
[PlyCount "150"]
[EventDate "2017.10.21"]
[EventRounds "9"]
[EventCountry "RUS"]

1. e4 c5 2. Nf3 d6 3. d4 cxd4 4. Nxd4 Nf6 5. Nc3 a6 6. Bc4 e6 7. a3 Be7 8. Ba2
Nc6 9. O-O O-O 10. Kh1 Qc7 11. f4 b5 12. f5 Nxd4 13. Qxd4 exf5 14. exf5 Bb7 15.
Bg5 h6 16. Bh4 Qc6 17. Qd2 Ne4 18. Nxe4 Bxh4 19. Nc3 Bg5 20. Qe2 Rae8 21. Qg4
Re5 22. Rad1 Qc5 23. h3 Bf6 24. Rd3 Rfe8 25. Qh5 R8e7 26. b4 Qc7 27. Qd1 Bh4
28. f6 gxf6 29. Nd5 Bxd5 30. Bxd5 Re1 31. Qg4+ Bg5 32. Rd1 Rxd1 33. Qxd1 Qc3
34. Bf3 Qe5 35. Qd3 Qg3 36. Be4 Bf4 37. Qxg3+ Bxg3 38. Bd3 Kg7 39. Kg1 h5 40.
Rd1 Rc7 41. Kf1 Be5 42. Rb1 Bc3 43. Kf2 Kh6 44. Kf3 Kg5 45. Be4 f5 46. Bd3 h4
47. Rf1 Re7 48. Rd1 Bd4 49. Be2 Re3+ 50. Kf2 Ba7 51. Kf1 Rxa3 52. Rxd6 Bb8 53.
Rd5 Kf4 54. Rd4+ Kg5 55. Bf3 Be5 56. Rd7 Kf4 57. Ke2 Re3+ 58. Kf2 Rc3 59. Bd1
Rc4 60. Rxf7 Bd4+ 61. Ke1 Bc3+ 62. Kf1 Bxb4 63. Bg4 Rc5 64. Be2 Rxc2 65. Bd3
Rc1+ 66. Ke2 Re1+ 67. Kf2 Re5 68. Rh7 Bc5+ 69. Kf1 Ke3 70. Rd7 Bd4 71. Be2 Rc5
72. Re7+ Kd2 73. g3 Rc1+ 74. Kg2 Rg1+ 75. Kf3 Rxg3+  0-1

[Event "M.Chigorin Memorial 2017 "]
[Site "?????-?????????"]
[Date "2017.10.28"]
[Round "8"]
[Board "91"]
[White "Malinovsky, Ilya"]
[Black "Moksh, Amit Doshi"]
[Result "0-1"]
[WhiteElo "2044"]
[BlackElo "2222"]
[PlyCount "96"]
[EventDate "2017.10.21"]
[EventRounds "9"]
[EventCountry "RUS"]

1. e4 c6 2. d4 d5 3. f3 e6 4. c3 dxe4 5. Bf4 exf3 6. Nxf3 Bd6 7. Bxd6 Qxd6 8.
Bd3 Nf6 9. O-O c5 10. Na3 O-O 11. Nc4 Qe7 12. Nce5 Nc6 13. Qe1 cxd4 14. Qh4 h6
15. Nxc6 bxc6 16. Nxd4 Bb7 17. Rae1 Nd5 18. Qe4 g6 19. Qe2 c5 20. Nb3 Rac8 21.
Nd2 Rcd8 22. Ne4 f5 23. Nd2 Rfe8 24. Bb5 Rf8 25. Bc4 Nc7 26. Nf3 Rd6 27. Qe3
Kh7 28. Qxc5 Rfd8 29. Qxa7 Be4 30. Qc5 Ne8 31. Kh1 Nf6 32. Ne5 Bxg2+ 33. Kxg2
Rd2+ 34. Qf2 Rxf2+ 35. Rxf2 Qb7+ 36. Kg1 Ne4 37. Rfe2 Qc7 38. Rxe4 fxe4 39.
Rxe4 Qb6+ 40. Kg2 Qxb2+ 41. Kg3 Qxc3+ 42. Nf3 Rc8 43. Bb3 Rf8 44. Rf4 Rxf4 45.
Kxf4 Kg7 46. Kg3 e5 47. Bd5 Kf6 48. h3 Qd3  0-1